000 00248nam a2200109Ia 4500
082 _a617.4
_bS 12 S
100 _aSHUKAL S.V
245 _aSANSHIPT ASTANGA HRIDAYA
260 _bCHAUKHAMBHA PUB. NEW DELHI
_c2012
300 _a294
942 _2ddc
_cBK
_013
999 _c7696
_d7696